| 000 | 00656nam a22002057a 4500 | ||
|---|---|---|---|
| 005 | 20140206145239.0 | ||
| 010 | _aENG-109127 | ||
| 020 |
_a9789350351871 _c325.00 |
||
| 035 | _aEN-92660 | ||
| 037 | _bDBAD/PUB | ||
| 082 | _a345.54056 | ||
| 100 | _a Janak Raj Jai | ||
| 245 |
_aBail law and procedures : _cby Janak Raj Jai _bwith tips to avoid police harassment / |
||
| 250 | _a5th ed | ||
| 260 |
_a Delhi _bUniversal Law Publishing _c2012 |
||
| 270 |
_aC- FF - 1A, Dilkhush Industrial Estate, G. T. Karnal Road, _b Delhi _e110033 |
||
| 300 |
_axxxv,372p. _c22cm(pbk) |
||
| 500 | _aIncludes index | ||
| 942 |
_2ddc _cEN _mJAN _h345.54056 |
||
| 999 |
_c81985 _d81985 |
||